[Event "30PCR_F"]
[Site "?"]
[Date "2014.10.27"]
[Round "?"]
[White "Ptacek, Jiri"]
[Black "Smolka, Jan"]
[Result "0-1"]
[WhiteElo "1783"]
[BlackElo "2242"]
[PlyCount "50"]
[EventDate "2014.??.??"]
[EventType "corr"]
[EventRounds "2"]
[SourceDate "2010.08.23"]

1. Nf3 d5 2. d4 Nf6 3. Nc3 g6 4. g3 Bg7 5. Bg2 O-O 6. O-O Nbd7 7. Bg5 c6 8.
Bxf6 Nxf6 9. e3 Bg4 10. h3 Bxf3 11. Qxf3 e5 12. dxe5 Nd7 13. Qe2 Nxe5 14. Rab1
Re8 15. Qd1 Nc4 16. Qd3 b5 17. Rfd1 Qa5 18. b4 Qb6 19. Rb3 Nxe3 20. Re1 Nc4 21.
Rxe8+ Rxe8 22. Ne2 a5 23. a3 a4 24. Rb1 Nxa3 25. Rd1 Nc4 0-1

[Event "30PCR_F"]
[Site "?"]
[Date "2014.10.27"]
[Round "?"]
[White "Vins, Karel"]
[Black "Lucan, Zdenko"]
[Result "1/2-1/2"]
[WhiteElo "1721"]
[BlackElo "1611"]
[PlyCount "61"]
[EventDate "2014.??.??"]
[EventType "corr"]
[EventRounds "2"]
[SourceDate "2010.08.23"]

1. e4 Nf6 2. e5 Nd5 3. d4 d6 4. c4 Nb6 5. f4 dxe5 6. fxe5 e6 7. Nf3 Bb4+ 8. Bd2
Bxd2+ 9. Qxd2 Nc6 10. Nc3 O-O 11. O-O-O Ne7 12. g4 Ng6 13. h4 f5 14. g5 Bd7 15.
d5 exd5 16. cxd5 a6 17. h5 Ne7 18. d6 cxd6 19. Qxd6 Nec8 20. Qc5 Na7 21. Bc4+
Nxc4 22. Qxc4+ Kh8 23. a3 Qe8 24. Rxd7 Qxd7 25. e6 Qe7 26. Kb1 Rac8 27. Qe2 Rc6
28. Qe3 Nc8 29. Nd4 Rxc3 30. Qxc3 Qxg5 31. Qb4 1/2-1/2

[Event "30PCR_F"]
[Site "?"]
[Date "2014.10.27"]
[Round "?"]
[White "Smolka, Jan"]
[Black "Vins, Karel"]
[Result "1-0"]
[WhiteElo "2242"]
[BlackElo "1721"]
[PlyCount "45"]
[EventDate "2014.??.??"]
[EventType "corr"]
[EventRounds "2"]
[SourceDate "2010.08.23"]

1. e4 e5 2. Nf3 Nc6 3. Bb5 a6 4. Bxc6 dxc6 5. O-O Bg4 6. h3 Bxf3 7. Qxf3 Qf6 8.
Qc3 Bd6 9. d3 Ne7 10. Nd2 O-O 11. Nc4 c5 12. f4 exf4 13. e5 Bxe5 14. Qxe5 Qxe5
15. Nxe5 g5 16. g3 fxg3 17. Bxg5 Nd5 18. Bh6 Rfe8 19. Rf5 f6 20. Ng4 Red8 21.
Rxd5 Rxd5 22. Nxf6+ Kf7 23. Nxd5 1-0

[Event "30PCR_F"]
[Site "?"]
[Date "2014.10.27"]
[Round "?"]
[White "Goc, Pavel"]
[Black "Ptacek, Jiri"]
[Result "1-0"]
[WhiteElo "2241"]
[BlackElo "1783"]
[PlyCount "63"]
[EventDate "2014.??.??"]
[EventType "corr"]
[EventRounds "2"]
[SourceDate "2010.08.23"]

1. e4 e5 2. Nf3 Nc6 3. Bc4 Bc5 4. b4 Bxb4 5. c3 Be7 6. d4 Na5 7. Nxe5 Nxc4 8.
Nxc4 d5 9. exd5 Qxd5 10. Ne3 Qd8 11. O-O Nf6 12. c4 c6 13. Nc3 O-O 14. Bb2 Bd7
15. d5 cxd5 16. cxd5 Bd6 17. Qd4 Qc7 18. Qh4 Be5 19. Rac1 Bxc3 20. Bxc3 Qd6 21.
Bb4 Qe5 22. Bxf8 Rxf8 23. Rfd1 Rd8 24. Rc4 Qe8 25. Rcd4 Qf8 26. d6 b5 27. Qg5
h6 28. Qf4 Be6 29. Nf5 g5 30. Ne7+ Kg7 31. Qe5 Qh8 32. h4 1-0

[Event "30PCR_F"]
[Site "?"]
[Date "2014.10.27"]
[Round "?"]
[White "Chvojka, Jaroslav"]
[Black "Pressl, Ladislav"]
[Result "1-0"]
[WhiteElo "2241"]
[BlackElo "1823"]
[PlyCount "37"]
[EventDate "2014.??.??"]
[EventType "corr"]
[EventRounds "2"]
[SourceDate "2010.08.23"]

1. d4 d5 2. Nf3 Nc6 3. c4 e6 4. Nc3 Nf6 5. Bg5 Be7 6. e3 O-O 7. Be2 dxc4 8.
Bxc4 Nd5 9. Bxe7 Ncxe7 10. Rc1 c6 11. O-O Nxc3 12. Rxc3 Nd5 13. Rc1 b5 14. Bd3
Nb4 15. Ne5 Bb7 16. Be4 Rc8 17. a3 Nd5 18. Qc2 f5 19. Bf3 1-0

[Event "30PCR_F"]
[Site "?"]
[Date "2014.10.27"]
[Round "?"]
[White "Fejfar, Vlastimil"]
[Black "Kyzlink, Vladimir"]
[Result "1-0"]
[WhiteElo "2160"]
[BlackElo "1861"]
[PlyCount "43"]
[EventDate "2014.??.??"]
[EventType "corr"]
[EventRounds "2"]
[SourceDate "2010.08.23"]

1. e4 e5 2. Nf3 Nc6 3. d4 exd4 4. Nxd4 Nf6 5. Nxc6 bxc6 6. e5 Nd5 7. Bc4 Bb7 8.
O-O Qh4 9. Qd3 Bc5 10. Nc3 Nb6 11. Bb3 O-O 12. Ne4 Be7 13. Re1 a5 14. Ng3 Qg4
15. Re4 Qg6 16. Qe2 Nd5 17. Rg4 Qe6 18. c4 Nb4 19. Bh6 Qxh6 20. Nf5 Qe6 21.
Rxg7+ Kh8 22. Rxh7+ 1-0

[Event "30PCR_F"]
[Site "?"]
[Date "2014.10.27"]
[Round "?"]
[White "Farny, Miroslav"]
[Black "Stepan, Josef"]
[Result "0-1"]
[WhiteElo "2097"]
[BlackElo "1870"]
[PlyCount "24"]
[EventDate "2014.??.??"]
[EventType "corr"]
[EventRounds "2"]
[SourceDate "2010.08.23"]

1. e4 c5 2. c4 Nc6 3. Nc3 Nf6 4. d3 e6 5. Nf3 d5 6. cxd5 exd5 7. exd5 Nxd5 8.
Nxd5 Qxd5 9. Qb3 Qxb3 10. axb3 Be6 11. Nd2 Nd4 12. Be2 Nc2+ 0-1

[Event "30PCR_F"]
[Site "?"]
[Date "2014.10.27"]
[Round "?"]
[White "Svoboda, Josef"]
[Black "Kepsta, Martin"]
[Result "1-0"]
[WhiteElo "1915"]
[BlackElo "1900"]
[PlyCount "55"]
[EventDate "2014.??.??"]
[EventType "corr"]
[EventRounds "2"]
[SourceDate "2010.08.23"]

1. e4 e5 2. Nf3 Nc6 3. Bb5 Nf6 4. Nc3 d6 5. d3 Bd7 6. h3 a6 7. Ba4 h6 8. Be3
Be7 9. O-O b5 10. Bb3 Na5 11. d4 Nxb3 12. axb3 exd4 13. Bxd4 O-O 14. b4 c5 15.
Bxf6 gxf6 16. bxc5 dxc5 17. Nd5 Kh7 18. Nh4 f5 19. Nxf5 Bxf5 20. exf5 Rg8 21.
Re1 Bh4 22. Qf3 Qd6 23. Rad1 Qc6 24. Re6 Qc8 25. Nf6+ Bxf6 26. Rxf6 Ra7 27. Qh5
Qf8 28. Rdd6 1-0

[Event "30PCR_F"]
[Site "?"]
[Date "2014.10.27"]
[Round "?"]
[White "Stepan, Josef"]
[Black "Svoboda, Josef"]
[Result "0-1"]
[WhiteElo "1870"]
[BlackElo "1915"]
[PlyCount "74"]
[EventDate "2014.??.??"]
[EventType "corr"]
[EventRounds "2"]
[SourceDate "2010.08.23"]

1. e4 c5 2. Nf3 Nc6 3. Bb5 e6 4. O-O Nge7 5. d4 cxd4 6. Nxd4 Qb6 7. Nxc6 bxc6
8. Be2 d5 9. Nc3 Bd7 10. Rb1 Ng6 11. Be3 Qc7 12. exd5 cxd5 13. Nb5 Qb7 14. c4
Bxb5 15. cxb5 Bd6 16. a4 O-O 17. Rc1 Qb8 18. g3 Ne7 19. f4 Nf5 20. Bf2 Rc8 21.
Bd3 Ne7 22. Qh5 g6 23. Qh4 Rxc1 24. Rxc1 Qf8 25. Bd4 h6 26. Qf6 Kh7 27. a5 Rc8
28. Rc3 Bb4 29. Rxc8 Nxc8 30. b6 axb6 31. axb6 Ne7 32. b7 Nc6 33. f5 gxf5 34.
Bxf5+ exf5 35. Qxc6 Bd6 36. Qd7 Kg6 37. Qe6+ fxe6 0-1

[Event "30PCR_F"]
[Site "?"]
[Date "2014.10.27"]
[Round "?"]
[White "Kyzlink, Vladimir"]
[Black "Farny, Miroslav"]
[Result "0-1"]
[WhiteElo "1861"]
[BlackElo "2097"]
[PlyCount "58"]
[EventDate "2014.??.??"]
[EventType "corr"]
[EventRounds "2"]
[SourceDate "2010.08.23"]

1. e4 c6 2. d4 d5 3. exd5 cxd5 4. Nf3 Nf6 5. Nc3 Nc6 6. Bb5 a6 7. Bxc6+ bxc6 8.
O-O Bg4 9. h3 Bxf3 10. Qxf3 e6 11. Na4 Qa5 12. b3 Be7 13. Bb2 O-O 14. Rfd1 Ne4
15. Nc3 f5 16. Nxe4 fxe4 17. Qg4 Rf5 18. Bc1 Qc3 19. Be3 a5 20. Qe2 Raf8 21.
Qd2 Bb4 22. Qe2 e5 23. dxe5 Qxe5 24. Bd4 Qc7 25. Rf1 Bd6 26. c4 Bh2+ 27. Kh1
Be5 28. Rad1 Bxd4 29. Rxd4 Qe5 0-1

[Event "30PCR_F"]
[Site "?"]
[Date "2014.10.27"]
[Round "?"]
[White "Pressl, Ladislav"]
[Black "Fejfar, Vlastimil"]
[Result "0-1"]
[WhiteElo "1823"]
[BlackElo "2160"]
[PlyCount "36"]
[EventDate "2014.??.??"]
[EventType "corr"]
[EventRounds "2"]
[SourceDate "2010.08.23"]

1. d4 b5 2. Nc3 b4 3. Nd5 e6 4. Nf4 Nf6 5. e3 c5 6. c3 bxc3 7. bxc3 Bd6 8. Nd3
cxd4 9. cxd4 Bb7 10. Rb1 Bd5 11. Qc2 Nc6 12. Bd2 Rc8 13. Qa4 Ng4 14. h3 Nh2 15.
Ne2 Nxf1 16. Kxf1 Be4 17. Nec1 O-O 18. Qd1 e5 0-1

[Event "30PCR_F"]
[Site "?"]
[Date "2014.10.27"]
[Round "?"]
[White "Ptacek, Jiri"]
[Black "Chvojka, Jaroslav"]
[Result "0-1"]
[WhiteElo "1783"]
[BlackElo "2241"]
[PlyCount "64"]
[EventDate "2014.??.??"]
[EventType "corr"]
[EventRounds "2"]
[SourceDate "2010.08.23"]

1. Nf3 Nf6 2. d4 c5 3. e3 d5 4. Bb5+ Bd7 5. Bxd7+ Nbxd7 6. O-O Rc8 7. Nc3 e6 8.
a3 Bd6 9. Nb5 Bb8 10. dxc5 Nxc5 11. Nc3 O-O 12. Bd2 Re8 13. b4 Nce4 14. Ne2 Qd6
15. g3 e5 16. c3 Qe6 17. Nh4 Nd6 18. f4 Nc4 19. f5 Qd6 20. Qc2 a6 21. Ng2 Ba7
22. Kh1 Ng4 23. h4 Bxe3 24. Be1 d4 25. Qe4 Nf6 26. Qd3 e4 27. Qd1 d3 28. Nef4
Bxf4 29. Rxf4 d2 30. Bf2 e3 31. Bxe3 Nxe3 32. Nxe3 Rxe3 0-1

[Event "30PCR_F"]
[Site "?"]
[Date "2014.10.27"]
[Round "?"]
[White "Vins, Karel"]
[Black "Goc, Pavel"]
[Result "0-1"]
[WhiteElo "1721"]
[BlackElo "2241"]
[PlyCount "52"]
[EventDate "2014.??.??"]
[EventType "corr"]
[EventRounds "2"]
[SourceDate "2010.08.23"]

1. e4 e5 2. Nf3 Nc6 3. Bb5 a6 4. Ba4 Nf6 5. d3 b5 6. Bb3 Bc5 7. c3 O-O 8. h3 d5
9. exd5 Nxd5 10. O-O a5 11. Re1 a4 12. Bxd5 Qxd5 13. Be3 Bd6 14. Qe2 f5 15. c4
bxc4 16. dxc4 Qf7 17. c5 Ba6 18. Qc2 Be7 19. Nbd2 f4 20. Ne4 fxe3 21. Rxe3 Nd4
22. Nxd4 exd4 23. Rf3 Qc4 24. Qxc4+ Bxc4 25. Rxf8+ Kxf8 26. a3 Bd3 0-1

[Event "30PCR_F"]
[Site "?"]
[Date "2014.10.27"]
[Round "?"]
[White "Lucan, Zdenko"]
[Black "Smolka, Jan"]
[Result "0-1"]
[WhiteElo "1611"]
[BlackElo "2242"]
[PlyCount "44"]
[EventDate "2014.??.??"]
[EventType "corr"]
[EventRounds "2"]
[SourceDate "2010.08.23"]

1. Nf3 d5 2. c4 d4 3. d3 c5 4. Nbd2 Nc6 5. Ne4 f5 6. Nxc5 Qa5+ 7. Nd2 Qxc5 8.
a3 Nf6 9. Nb3 Qb6 10. c5 Qd8 11. Bg5 Qd5 12. Bxf6 exf6 13. Qc2 Be6 14. Nd2 Bxc5
15. Rc1 Rc8 16. Qxc5 Ne7 17. Qc4 Kf7 18. b3 Qa5 19. Qxe6+ Kxe6 20. Rxc8 Rxc8
21. Kd1 Qc3 22. Nc4 Qxb3+ 0-1

[Event "30PCR_F"]
[Site "?"]
[Date "2014.10.27"]
[Round "?"]
[White "Lucan, Zdenko"]
[Black "Goc, Pavel"]
[Result "0-1"]
[WhiteElo "1611"]
[BlackElo "2241"]
[PlyCount "36"]
[EventDate "2014.??.??"]
[EventType "corr"]
[EventRounds "2"]
[SourceDate "2010.08.23"]

1. e4 e5 2. Nf3 Nc6 3. Bc4 Nf6 4. Ng5 d5 5. Bb5 dxe4 6. Bxc6+ bxc6 7. Nc3 Bg4
8. Nf3 exf3 9. gxf3 Bh5 10. d3 Bb4 11. Bg5 Qd4 12. Be3 Bxc3+ 13. bxc3 Qxc3+ 14.
Bd2 Qd4 15. Rb1 Qd5 16. O-O Bxf3 17. Qe1 Qe6 18. Rc1 Qg4# 0-1

[Event "30PCR_F"]
[Site "?"]
[Date "2014.10.27"]
[Round "?"]
[White "Vins, Karel"]
[Black "Chvojka, Jaroslav"]
[Result "0-1"]
[WhiteElo "1721"]
[BlackElo "2241"]
[PlyCount "50"]
[EventDate "2014.??.??"]
[EventType "corr"]
[EventRounds "2"]
[SourceDate "2010.08.23"]

1. e4 e6 2. d4 d5 3. e5 c5 4. c3 Qb6 5. Nf3 Nc6 6. Qb3 Qxb3 7. axb3 cxd4 8.
cxd4 f6 9. Be3 fxe5 10. Nxe5 Bb4+ 11. Bd2 Bxd2+ 12. Nxd2 Nxd4 13. Bd3 Bd7 14.
O-O Ne7 15. Nxd7 Kxd7 16. Rfe1 Nec6 17. Nf3 Nxf3+ 18. gxf3 Kd6 19. Ra4 a5 20.
Kg2 Nb4 21. Bb1 Ra7 22. Rd1 b6 23. Rd4 Rf7 24. Rh4 Kc6 25. Rxh7 Rxh7 0-1

[Event "30PCR_F"]
[Site "?"]
[Date "2014.10.27"]
[Round "?"]
[White "Ptacek, Jiri"]
[Black "Fejfar, Vlastimil"]
[Result "0-1"]
[WhiteElo "1783"]
[BlackElo "2160"]
[PlyCount "46"]
[EventDate "2014.??.??"]
[EventType "corr"]
[EventRounds "2"]
[SourceDate "2010.08.23"]

1. Nf3 Nc6 2. e4 Nf6 3. e5 Nd5 4. c4 Nb6 5. c5 Nd5 6. Bc4 e6 7. Bxd5 exd5 8. d4
d6 9. cxd6 cxd6 10. exd6 Bxd6 11. h3 O-O 12. O-O Bf5 13. a3 Rc8 14. Nc3 Na5 15.
Be3 Re8 16. Re1 Nc4 17. Qb3 Qd7 18. Ne5 Bxe5 19. dxe5 Bxh3 20. gxh3 Qxh3 21.
Bxa7 Qg4+ 22. Kh1 Re6 23. Be3 Qh3+ 0-1

[Event "30PCR_F"]
[Site "?"]
[Date "2014.10.27"]
[Round "?"]
[White "Pressl, Ladislav"]
[Black "Farny, Miroslav"]
[Result "0-1"]
[WhiteElo "1823"]
[BlackElo "2097"]
[PlyCount "36"]
[EventDate "2014.??.??"]
[EventType "corr"]
[EventRounds "2"]
[SourceDate "2010.08.23"]

1. e4 e6 2. d4 d5 3. Nd2 Nf6 4. e5 Nfd7 5. Bd3 c5 6. c3 Nc6 7. Ngf3 Qb6 8. O-O
Be7 9. Bc2 cxd4 10. cxd4 Nxd4 11. Re1 Nxc2 12. Qxc2 Qc6 13. Qxc6 bxc6 14. Nd4
Bb7 15. N2f3 Rb8 16. Bd2 c5 17. Nb5 d4 18. Ba5 Bxf3 0-1

[Event "30PCR_F"]
[Site "?"]
[Date "2014.10.27"]
[Round "?"]
[White "Kyzlink, Vladimir"]
[Black "Svoboda, Josef"]
[Result "1/2-1/2"]
[WhiteElo "1861"]
[BlackElo "1915"]
[PlyCount "77"]
[EventDate "2014.??.??"]
[EventType "corr"]
[EventRounds "2"]
[SourceDate "2010.08.23"]

1. e4 c6 2. d4 d5 3. Nc3 dxe4 4. Nxe4 Bf5 5. Ng3 Bg6 6. Bc4 e6 7. c3 Bd6 8. Nf3
Bxg3 9. hxg3 Nh6 10. Qb3 b5 11. Bxh6 gxh6 12. Be2 Nd7 13. Rxh6 Be4 14. Rd1 Qe7
15. a4 a6 16. axb5 axb5 17. Bd3 Bxd3 18. Rxd3 O-O 19. Rd1 f6 20. Ke2 Nb6 21.
Rdh1 Rf7 22. Kd3 e5 23. dxe5 fxe5 24. Qe6 Nc4 25. Ke2 Qxe6 26. Rxe6 Ra2 27. Rb1
Nxb2 28. Nxe5 Nc4+ 29. Ke1 Nxe5 30. Rxe5 Rfxf2 31. Ra1 Rxg2 32. Rxa2 Rxa2 33.
Rc5 Ra6 34. Kd2 Kf7 35. Kd3 Ke6 36. Rh5 Ra7 37. Rh6+ Kd5 38. Rh5+ Kd6 39. Rh6+
1/2-1/2

[Event "30PCR_F"]
[Site "?"]
[Date "2014.10.27"]
[Round "?"]
[White "Stepan, Josef"]
[Black "Kepsta, Martin"]
[Result "1/2-1/2"]
[WhiteElo "1870"]
[BlackElo "1900"]
[PlyCount "60"]
[EventDate "2014.??.??"]
[EventType "corr"]
[EventRounds "2"]
[SourceDate "2010.08.23"]

1. e4 e5 2. f4 exf4 3. Bc4 Qh4+ 4. Kf1 d6 5. Nf3 Qh5 6. d4 Bg4 7. Bxf4 Bxf3 8.
Qxf3 Qxf3+ 9. gxf3 Nd7 10. Nc3 a6 11. Kg2 f6 12. h4 h5 13. Be3 Ne7 14. Rhg1
O-O-O 15. Kf2 Nc6 16. Ne2 Nb4 17. Bb3 c5 18. Nf4 cxd4 19. Bxd4 Nc5 20. Be6+
Nxe6 21. Nxe6 Rd7 22. Bc3 Nc6 23. Nxg7 Bxg7 24. Rxg7 Rxg7 25. Bxf6 Rhg8 26.
Bxg7 Rxg7 27. Rd1 Kd7 28. Rd5 Ne5 29. f4 Ng4+ 30. Kf3 Nf6 1/2-1/2

[Event "30PCR_F"]
[Site "?"]
[Date "2014.10.27"]
[Round "?"]
[White "Kepsta, Martin"]
[Black "Kyzlink, Vladimir"]
[Result "1-0"]
[WhiteElo "1900"]
[BlackElo "1861"]
[PlyCount "37"]
[EventDate "2014.??.??"]
[EventType "corr"]
[EventRounds "2"]
[SourceDate "2010.08.23"]

1. d4 Nf6 2. c4 c5 3. Nf3 cxd4 4. Nxd4 g6 5. Nc3 Bg7 6. e3 O-O 7. Be2 Na6 8.
O-O Nc7 9. h3 d5 10. cxd5 e5 11. dxe6 Nxe6 12. Nxe6 Bxe6 13. e4 Qxd1 14. Rxd1
a6 15. Be3 Rad8 16. e5 Nd5 17. Nxd5 Bxd5 18. Bb6 Rd7 19. Bg4 1-0

[Event "30PCR_F"]
[Site "?"]
[Date "2014.10.27"]
[Round "?"]
[White "Svoboda, Josef"]
[Black "Pressl, Ladislav"]
[Result "1/2-1/2"]
[WhiteElo "1915"]
[BlackElo "1823"]
[PlyCount "30"]
[EventDate "2014.??.??"]
[EventType "corr"]
[EventRounds "2"]
[SourceDate "2010.08.23"]

1. Nf3 d5 2. e4 dxe4 3. Ng5 Nf6 4. Bc4 e6 5. Nc3 Bd6 6. O-O Nbd7 7. Qe2 c5 8.
Ngxe4 Nxe4 9. Nxe4 Be7 10. Rd1 Nb6 11. d3 O-O 12. Bb3 Qc7 13. Bd2 Bh4 14. Qg4
Qe7 15. Ng5 Bxg5 1/2-1/2

[Event "30PCR_F"]
[Site "?"]
[Date "2014.10.27"]
[Round "?"]
[White "Farny, Miroslav"]
[Black "Ptacek, Jiri"]
[Result "1/2-1/2"]
[WhiteElo "2097"]
[BlackElo "1783"]
[PlyCount "47"]
[EventDate "2014.??.??"]
[EventType "corr"]
[EventRounds "2"]
[SourceDate "2010.08.23"]

1. e4 e5 2. Nf3 Nc6 3. Nc3 Nf6 4. d3 Bb4 5. Bd2 Bxc3 6. Bxc3 d6 7. h3 h6 8. Be2
O-O 9. Qc1 Nh7 10. Bd2 Nd4 11. Nxd4 exd4 12. Bg4 f5 13. Bxf5 Bxf5 14. exf5 Rxf5
15. Rf1 Qe7+ 16. Kd1 Re8 17. Re1 Re5 18. Rxe5 Qxe5 19. c3 Qe2+ 20. Kc2 dxc3 21.
bxc3 Qxf2 22. Qg1 Re2 23. Qxf2 Rxf2 24. Rg1 1/2-1/2

[Event "30PCR_F"]
[Site "?"]
[Date "2014.10.27"]
[Round "?"]
[White "Fejfar, Vlastimil"]
[Black "Vins, Karel"]
[Result "1-0"]
[WhiteElo "2160"]
[BlackElo "1721"]
[PlyCount "53"]
[EventDate "2014.??.??"]
[EventType "corr"]
[EventRounds "2"]
[SourceDate "2010.08.23"]

1. e4 e5 2. Nf3 Nc6 3. Bc4 Nf6 4. d3 Be7 5. O-O d6 6. c3 Na5 7. Qa4+ Nc6 8. b4
O-O 9. Qc2 a6 10. a4 Bd7 11. Nbd2 h6 12. Bb2 Be6 13. Bxe6 fxe6 14. b5 Na5 15.
d4 exd4 16. cxd4 b6 17. Nh4 Nh7 18. Ng6 Rf7 19. e5 dxe5 20. Nxe5 Rf8 21. bxa6
Rxa6 22. Ndc4 Nc6 23. Nxc6 Qe8 24. Nxe7+ Qxe7 25. Ba3 c5 26. a5 Qb7 27. axb6
1-0

[Event "30PCR_F"]
[Site "?"]
[Date "2014.10.27"]
[Round "?"]
[White "Chvojka, Jaroslav"]
[Black "Lucan, Zdenko"]
[Result "1-0"]
[WhiteElo "2241"]
[BlackElo "1611"]
[PlyCount "51"]
[EventDate "2014.??.??"]
[EventType "corr"]
[EventRounds "2"]
[SourceDate "2010.08.23"]

1. d4 e6 2. Nf3 f5 3. g3 Nf6 4. Bg2 Be7 5. c4 c6 6. Bf4 d6 7. O-O O-O 8. Nc3 d5
9. b3 b6 10. cxd5 exd5 11. Qc2 Bd7 12. Qd3 Nh5 13. Bd2 Be6 14. Ne5 Nf6 15. Rac1
Bd6 16. Bg5 Be7 17. Qe3 Ng4 18. Nxg4 Qd7 19. Bxe7 Qxe7 20. Nxd5 cxd5 21. Bxd5
Qf7 22. Bxe6 fxg4 23. Bxf7+ Rxf7 24. Rc8+ Rf8 25. Qe6+ Kh8 26. Rxf8# 1-0

[Event "30PCR_F"]
[Site "?"]
[Date "2014.10.27"]
[Round "?"]
[White "Goc, Pavel"]
[Black "Smolka, Jan"]
[Result "1/2-1/2"]
[WhiteElo "2241"]
[BlackElo "2242"]
[PlyCount "35"]
[EventDate "2014.??.??"]
[EventType "corr"]
[EventRounds "2"]
[SourceDate "2010.08.23"]

1. e4 e5 2. Nf3 Nc6 3. Bb5 a6 4. Ba4 Nf6 5. O-O Be7 6. Re1 b5 7. Bb3 O-O 8. c3
d6 9. h3 Na5 10. Bc2 c5 11. d4 Qc7 12. Nbd2 cxd4 13. cxd4 Nc6 14. Nb3 a5 15.
Be3 a4 16. Nbd2 Bd7 17. Rc1 Qb7 18. Qe2 1/2-1/2

[Event "30PCR_F"]
[Site "?"]
[Date "2014.10.27"]
[Round "?"]
[White "Smolka, Jan"]
[Black "Chvojka, Jaroslav"]
[Result "1/2-1/2"]
[WhiteElo "2242"]
[BlackElo "2241"]
[PlyCount "55"]
[EventDate "2014.??.??"]
[EventType "corr"]
[EventRounds "2"]
[SourceDate "2010.08.23"]

1. e4 e5 2. Nf3 Nc6 3. Bb5 Nf6 4. O-O Nxe4 5. d4 Be7 6. Qe2 Nd6 7. Bxc6 bxc6 8.
dxe5 Nf5 9. Qe4 g6 10. Nd4 Nxd4 11. Qxd4 O-O 12. Bh6 Re8 13. Nc3 d5 14. exd6
Bf6 15. Qc4 cxd6 16. Qxc6 Rb8 17. Rab1 Be5 18. Qa4 Bd7 19. Qxa7 Bc6 20. h3 g5
21. Qe3 Bh2+ 22. Kxh2 Rxe3 23. fxe3 d5 24. Kh1 d4 25. Rf5 f6 26. exd4 Qxd4 27.
Rbf1 Qh4 28. Kh2 1/2-1/2

[Event "30PCR_F"]
[Site "?"]
[Date "2014.10.27"]
[Round "?"]
[White "Lucan, Zdenko"]
[Black "Fejfar, Vlastimil"]
[Result "0-1"]
[WhiteElo "1611"]
[BlackElo "2160"]
[PlyCount "46"]
[EventDate "2014.??.??"]
[EventType "corr"]
[EventRounds "2"]
[SourceDate "2010.08.23"]

1. e4 e5 2. Nf3 Nc6 3. Bc4 Nf6 4. Ng5 Bc5 5. c3 O-O 6. O-O h6 7. Nxf7 Rxf7 8.
Bxf7+ Kxf7 9. d3 d5 10. exd5 Qxd5 11. c4 Qd6 12. Qf3 Bg4 13. Qg3 Nd4 14. Nc3
Nf5 15. Nb5 Qe7 16. Qxg4 Nxg4 17. h3 Bxf2+ 18. Rxf2 Nxf2 19. Kxf2 Rd8 20. Ke2
Qh4 21. Kf1 Rxd3 22. Nc3 Qd4 23. Ne2 Rd1# 0-1

[Event "30PCR_F"]
[Site "?"]
[Date "2014.10.27"]
[Round "?"]
[White "Vins, Karel"]
[Black "Farny, Miroslav"]
[Result "1/2-1/2"]
[WhiteElo "1721"]
[BlackElo "2097"]
[PlyCount "24"]
[EventDate "2014.??.??"]
[EventType "corr"]
[EventRounds "2"]
[SourceDate "2010.08.23"]

1. e4 e5 2. Nf3 Nc6 3. Bb5 d6 4. Bxc6+ bxc6 5. h3 Be7 6. d4 exd4 7. Nxd4 Bd7 8.
Nc3 h6 9. Be3 a6 10. O-O h5 11. b3 Bf6 12. Nde2 g6 1/2-1/2

[Event "30PCR_F"]
[Site "?"]
[Date "2014.10.27"]
[Round "?"]
[White "Ptacek, Jiri"]
[Black "Svoboda, Josef"]
[Result "0-1"]
[WhiteElo "1783"]
[BlackElo "1915"]
[PlyCount "62"]
[EventDate "2014.??.??"]
[EventType "corr"]
[EventRounds "2"]
[SourceDate "2010.08.23"]

1. Nf3 Nf6 2. d4 d5 3. Nc3 e6 4. Bg5 Nbd7 5. Bxf6 Nxf6 6. e3 Bd6 7. Bd3 O-O 8.
O-O c5 9. dxc5 Bxc5 10. Na4 Bd6 11. c4 Bd7 12. cxd5 exd5 13. h3 Re8 14. Rc1 Qe7
15. a3 Ne4 16. Bxe4 dxe4 17. Nd4 Qg5 18. f4 Qg3 19. Ne2 Qxe3+ 20. Rf2 Qd3 21.
Kh2 Bxa4 22. Qxa4 e3 23. Rf3 Qxe2 24. Qd4 Qd2 25. Qxd2 exd2 26. Rd1 Re2 27. Kg3
g5 28. Rf2 Bxf4+ 29. Kf3 Rxf2+ 30. Kxf2 Re8 31. g3 Re1 0-1

[Event "30PCR_F"]
[Site "?"]
[Date "2014.10.27"]
[Round "?"]
[White "Pressl, Ladislav"]
[Black "Kepsta, Martin"]
[Result "1/2-1/2"]
[WhiteElo "1823"]
[BlackElo "1900"]
[PlyCount "48"]
[EventDate "2014.??.??"]
[EventType "corr"]
[EventRounds "2"]
[SourceDate "2010.08.23"]

1. e4 e5 2. Nf3 Nc6 3. Bb5 Nf6 4. d3 Bc5 5. O-O O-O 6. Bxc6 dxc6 7. Nxe5 Re8 8.
Nf3 h6 9. h3 Be7 10. Bf4 Nh7 11. Qd2 Be6 12. Nc3 Ng5 13. Nxg5 hxg5 14. Be5 f6
15. Bh2 Kf7 16. d4 Rh8 17. f4 gxf4 18. Bxf4 Qd7 19. Rf3 Rh5 20. Qf2 Rah8 21.
Rd3 g5 22. Bg3 Bxh3 23. gxh3 Qxh3 24. Qf1 Qg4 1/2-1/2

[Event "30PCR_F"]
[Site "?"]
[Date "2014.10.27"]
[Round "?"]
[White "Kyzlink, Vladimir"]
[Black "Stepan, Josef"]
[Result "0-1"]
[WhiteElo "1861"]
[BlackElo "1870"]
[PlyCount "52"]
[EventDate "2014.??.??"]
[EventType "corr"]
[EventRounds "2"]
[SourceDate "2010.08.23"]

1. e4 c5 2. Nf3 Nc6 3. Bc4 Nf6 4. Ng5 e6 5. Nc3 h6 6. Nf3 d5 7. exd5 exd5 8.
Bb5 d4 9. Ne2 Qb6 10. Bxc6+ Qxc6 11. O-O Bd6 12. b4 b6 13. bxc5 bxc5 14. Re1
O-O 15. Rb1 Be6 16. Rb2 Bd5 17. Nh4 g5 18. Nf5 Bxg2 19. Rb3 Bd5 20. Nxh6+ Kh7
21. Rh3 Bg2 22. Nxf7+ Bxh3 23. Nxg5+ Kh8 24. Nxh3 Bxh2+ 25. Kxh2 Ng4+ 26. Kg1
Nxf2 0-1

[Event "30PCR_F"]
[Site "?"]
[Date "2014.10.27"]
[Round "?"]
[White "Stepan, Josef"]
[Black "Pressl, Ladislav"]
[Result "1-0"]
[WhiteElo "1870"]
[BlackElo "1823"]
[PlyCount "51"]
[EventDate "2014.??.??"]
[EventType "corr"]
[EventRounds "2"]
[SourceDate "2010.08.23"]

1. e4 c5 2. Nf3 Nc6 3. d4 cxd4 4. Nxd4 Nf6 5. Nc3 e6 6. Nxc6 bxc6 7. Bd3 d6 8.
O-O Be7 9. h3 O-O 10. Re1 Qc7 11. a3 Rb8 12. b3 e5 13. Bc4 Rd8 14. Qf3 d5 15.
exd5 cxd5 16. Nxd5 Nxd5 17. Bxd5 Bf6 18. Be3 Qa5 19. Rad1 Qxa3 20. Bxf7+ Kh8
21. Rxd8+ Bxd8 22. Qc6 Qe7 23. Bxa7 Bd7 24. Qc5 Qxc5 25. Bxc5 Bc7 26. b4 1-0

[Event "30PCR_F"]
[Site "?"]
[Date "2014.10.27"]
[Round "?"]
[White "Kepsta, Martin"]
[Black "Ptacek, Jiri"]
[Result "1-0"]
[WhiteElo "1900"]
[BlackElo "1783"]
[PlyCount "97"]
[EventDate "2014.??.??"]
[EventType "corr"]
[EventRounds "2"]
[SourceDate "2010.08.23"]

1. d4 d5 2. c4 c6 3. Nc3 Nf6 4. cxd5 Nxd5 5. e4 Nxc3 6. bxc3 g6 7. Nf3 Bg4 8.
Be2 Bxf3 9. Bxf3 Bg7 10. e5 O-O 11. O-O Nd7 12. Re1 e6 13. Rb1 Rb8 14. Ba3 Re8
15. Bd6 Nb6 16. Bxb8 Qxb8 17. a4 Nd5 18. Bxd5 cxd5 19. Qd3 Rc8 20. Rec1 Rc4 21.
Rb4 Rc6 22. Rcb1 Rc7 23. a5 Bf8 24. R4b3 Be7 25. a6 b6 26. f4 f5 27. h3 Qf8 28.
Rf1 Qh6 29. Qf3 Bd8 30. g4 Rf7 31. g5 Qf8 32. h4 h5 33. Qd3 Rc7 34. Qb5 Rc4 35.
Rc1 Qf7 36. Kf2 Kg7 37. Rb4 Rc7 38. Ke2 Be7 39. Ra4 Bf8 40. Kd3 Rc8 41. Rc2 Qc7
42. Ra1 Kf7 43. Qb3 Rd8 44. c4 Bc5 45. cxd5 Rxd5 46. Rc4 Qd7 47. Qc3 Qd8 48.
Ke3 Be7 49. Rc8 1-0